MDQL
is popping MORE tags! Check the
thread
!
Quizzes
Events
Quiz Creation
Community
Videos
Private Events
Remove Ads
Sign In
Join for FREE
Feedback
Dark Mode
Quiz Categories
Sports
Geography
Music
Movies
Television
Just For Fun
Miscellaneous
History
Literature
Language
Science
Gaming
Entertainment
Religion
Holiday
For Kids
Quiz Lab
Recent
Popular Today
Quiz Kudos Today
Editor Picks
Curator Picks
Quizzes by...
Day
Popularity
Type
Ratings
Length
Year
Community
Subscriptions
Recent Discussions
Orange Saloon
Badges
Playlists
Quests
Create
Leaderboards
Showdown
Live 5
Trivia Bingo
Activity
Puzzle Library
Sporcle Events
Private Events
Virtual Trivia
Globe League
Become a Host
Pub Owners
SporcleCon
Opinionation
Our Games
Videos
Blog
Mobile Apps
Partnerships
Remove Ads and Go Orange
Feedback
Movies
Disney
Marvel Cinematic Universe
Movie Resume
Movie Titles
Oscar
Actor
Actress
Director
Pixar
Role
Movie Quotes
Movie Characters
Box Office
Nominee
Best Picture
Star Wars
James Bond
Horror Movies
Movies
Disney
Marvel Cinematic Universe
Movie Resume
Movie Titles
Oscar
Actor
Actress
Director
Pixar
Role
Movie Quotes
Movie Characters
Box Office
Nominee
Best Picture
Star Wars
James Bond
Horror Movies
Random Quiz
Search Sporcle
×
Quiz Lab
Quiz Lab
Movies
Movie Characters
Type in answers that appear in a list
Type in answers that appear in a list
Classic
Best Score? Go Orange.
Ryan Reynolds Movies Stats
Can you name every Ryan Reynolds Movie?
By
joe14c
10m
41 Questions
435 Plays
435 Plays
435 Plays
Comments
Comments
Give Quiz Kudos
Give Quiz Kudos
-
- Ratings
hide this ad
More Info
Replay
Link that replays current quiz
Next Quiz
Link to next quiz in quiz playlist
You Got
0%
They Got
Avg Score
28%
Avg Friend Score
Upgrade to see
Score Distribution
Jump to the score distribution portion of the page
Score
0/41
Timer
10:00
0
Plays Today
Year
Movie
% Correct
2016
Deadpool
97.2%
2011
Green Lantern
84.8%
2009
X-Men Origins: Wolverine
72.9%
2009
The Proposal
69.7%
2005
Just Friends
60.7%
2002
Van Wilder
60.5%
2004
Blade: Trinity
47.4%
2005
Waiting
45.5%
2008
Definitely, Maybe
44.1%
2013
R.I.P.D.
39.8%
2010
Buried
37.2%
2012
Safe House
34.9%
2011
The Change-Up
34.5%
2005
The Amityville Horror
30.3%
2017
Life
29.2%
2004
Harold & Kumar Get the Munchies
24.8%
2013
Turbo
24.1%
2014
The Voices
23.9%
2009
Adventureland
23.4%
2013
The Croods
23.2%
2006
Smokin' Aces
23%
Year
Movie
% Correct
2012
Ted
23%
2015
Self/less
22.3%
2015
Woman in Gold
18.6%
2014
A Million Ways to Die in the West
18.2%
2007
The Nines
17.7%
2016
Criminal
15.4%
2009
Unlikely Hero
14.9%
2003
The In-Laws
13.3%
1999
Dick
12.6%
2008
Chaos Theory
12%
2014
The Captive
11.3%
2015
Mississippi Grind
10.3%
2008
Fireflies in the Garden
9.7%
2002
Buying the Cow
8.5%
1999
Coming Soon
8%
1997
The Alarmist
6.4%
1993
Ordinary Magic
6.2%
2000
We All Fall Down
4.8%
2001
Finder's Fee
4.8%
2000
Big Monster on Campus
3%
Quiz Playlist
Details
Report
Send in Message
Add To Playlist
More Info:
Excludes any TV movies. Includes uncredited movie roles. * denotes a voice role
Classic:
Type in answers that appear in a list
Quiz Source
Last Updated: Jul 6, 2017
Quiz Scoreboard
CHALLENGE
Sign Up to Join the Scoreboard
Show All
Scores
Hide
Comments
May contain spoilers
Recently Published
Find the 'City' Movie
by crazypaving
Movies
60s
5x2 Blitz: Bands
by SL_Kpop136
Music
30s
Colored Red Africa Blitz
by spor1
Geography
30s
More to Explore
Quiz From the Vault
Featured Blog Post
14 Easter Pick-up Lines to Find Eggs With
hide this ad
You Might Also Like...
Tags
Movie Characters Quiz
Movie Resume Quiz
Movie Part
Ryan Reynolds
Today's Top Quizzes in Movies
Browse Movies
hide this ad
Today's Top Quizzes in Movie Characters
Browse Movie Characters
Top Contributed Quizzes in Movies
1
Find The 'Big' Movie
2
Find The 'Blue' Movie
3
Find The 'Wild' Movie
4
Movies By Plot
5
Hidden Star Wars Character II
6
Pick 5 Posters: Directed by Spielberg
7
Hidden Star Wars Character III
8
Hidden Star Wars Character IV
9
25 Best Actor Nominees (1990s)
10
Alfred Hitchcock Movies by Plot
Explore More
Trending Topics
NBA
Anime
Harry Potter
Disney
Crossword
Kpop
Marvel
Song
Pokémon
NFL
WWE
Soccer
Puzzle
Country
The Office
hide this ad
More By:
joe14c
Quiz
Plays
Rating
Category
Featured
Created
Guess The Lyrics: Bob Dylan
967
4.44
Music
Dec 12, 2010
Ryan Reynolds Movies
435
3.67
Movies
Mar 2, 2017
Super League Grand Final Winners
135
Sports
Oct 2, 2010
Go to Creator's Profile
Score Distribution
Quiz Creator Spotlight
joe14c
Follow
Send a Message
Quizzes Created
-
Created Quiz Play Count
-
More By This Creator
Popular Quizzes Today
1
Colored Red Africa Blitz
2
Find the 'City' Movie
3
Find the US States - No Outlines Minefield
4
5x2 Blitz: Bands
5
The Countries of the World
6
Find the US States
7
Find the Countries of Europe - No Outlines Minefield
8
US States
More Movies Quizzes
Ghost Movies by Image
Published
Trending Quizzes
Colored Red Europe Blitz I
Colored Red Africa Blitz II
Colored Red Europe Blitz II
Colored Red Africa Blitz III
Colored Red Europe Blitz III
Recently Updated
How Do You Spell That?
pecheneg
Godzilla Movies
pecheneg
Grab Bag: 4-10 Letters
pecheneg
2024 March Madness Bracket
pecheneg
Famous TV Couples
Peacemaker
Champions League XIs: Real Madrid
pecheneg
Largest US Cities 1790-2010
pecheneg
Rides in Walt Disney World
pecheneg
Most Oscar Losses (Acting)
pecheneg
Beyoncé Albums
pecheneg
Trending Topics
Harry Potter
Crossword
NBA
Disney
Kpop
Marvel
Anime
NFL
The Office
Soccer
WWE
Pokémon
Country
Puzzle
Song
Your Account Isn't Verified!
In order to create a playlist on Sporcle, you need to verify the email address you used during registration. Go to your
Sporcle Settings
to finish the process.
Report this User
Report this user for behavior that violates our
Community Guidelines
.
Details:
Send Report
Go to the Sporcle.com Mobile Site →
Comments